000
00299nam a22001097a 4500
008
160613b xxu||||| |||| 00| 0 eng d
020
_a
039755138X
041
_a
eng
080
_a
618.2
245
_a
Nursing research / Principles and methods:
_c
Denise F. Polit; Bernadette P. Hungler;
942
_2
udc
_c
BK
999
_c
2455
_d
2455